| 000 | 00673cam a2200265 4500 | ||
|---|---|---|---|
| 001 | B1631 | ||
| 008 | 090401t1986 xxu||||| |||| 00| 0 eng d | ||
| 035 | _a(Sirsi) u45520 | ||
| 041 | _aeng | ||
| 050 | _a333.337 | ||
| 110 |
_aKFR Research _92319 |
||
| 245 | _aCommercial development briefs . - Volume 1 number 4 (April 1986) West London | ||
| 260 |
_aLondon _bKnight Frank and Rutley _c1986 |
||
| 300 | _a20p. : ill.,maps ; 30cm. | ||
| 350 | _a0 | ||
| 650 | _aBARNET | ||
| 650 | _aDEVELOPMENT | ||
| 650 | _aHARROW | ||
| 650 | _aHILLINGDON | ||
| 650 | _aHOUNSLOW | ||
| 650 | _aINDUSTRIAL PROPERTY | ||
| 650 | _aOFFICES | ||
| 942 | _n0 | ||
| 948 | _c04/03/1997 | ||
| 999 |
_c91748 _d91748 |
||